书目信息 |
| 题名: |
教育心理学考试大纲
|
|
| 作者: | ;教育部人事司 , 教育部考试中心制定 | |
| 分册: | ||
| 出版信息: | 上海 华东师范大学出版社 2002.03 |
|
| 页数: | 203页 | |
| 开本: | 20cm | |
| 丛书名: | ||
| 单 册: | ||
| 中图分类: | G44 | |
| 科图分类: | ||
| 主题词: | 教育心理学 | |
| 电子资源: | ||
| ISBN: | 7-5617-2849-2 | |
| 000 | 00705nam0 2200205 450 | |
| 001 | 1760766799 | |
| 005 | 20171127165435.19 | |
| 010 | @a7-5617-2849-2@dCNY15.00 | |
| 100 | @a20171127d2002 km y0chiy0120 ea | |
| 101 | 0 | @achi |
| 102 | @aCN@b310000 | |
| 200 | 1 | @a教育心理学考试大纲@Ajiao yu xin li xue kao shi da gang@f教育部人事司,教育部考试中心制定@Fjiao yu bu ren shi si,jiao yu bu kao shi zhong xin zhi ding |
| 210 | @a上海@c华东师范大学出版社@d2002.03 | |
| 215 | @a203页@d20cm | |
| 606 | 0 | @a教育心理学 |
| 690 | @aG44@v4 | |
| 711 | 02 | @a教育部人事司@Ajiao yu bu ren shi si |
| 711 | 02 | @a教育部考试中心制定@Ajiao yu bu kao shi zhong xin zhi ding |
| 801 | 0 | @aCN@bMUSE@c20171127 |
| 905 | @aMUSE@dG44@eJ688 | |
| 教育心理学考试大纲/教育部人事司,教育部考试中心制定.-上海:华东师范大学出版社,2002.03 |
| 203页;20cm |
| ISBN 7-5617-2849-2:CNY15.00 |
| ● |
| 相关链接 |
|
|
|
正题名:教育心理学考试大纲
索取号:G44/J688
 
预约/预借
| 序号 | 登录号 | 条形码 | 馆藏地/架位号 | 状态 | 备注 |
| 1 | 1236932 | 212369328 | 社科库409/409社科库 3排2列2层/ [索取号:G44/J688] | 在馆 | |
| 2 | 1236933 | 212369337 | 社科库409/409社科库 3排2列2层/ [索取号:G44/J688] | 在馆 | |
| 3 | 1236934 | 212369346 | 社科库409/409社科库 3排2列2层/ [索取号:G44/J688] | 在馆 | |
| 4 | 1236935 | 212369355 | 社科二线422/409社科库 18排4列3层/ [索取号:G44/J688] | 在馆 | |
| 5 | 1236936 | 212369364 | 社科二线422/409社科库 18排4列3层/ [索取号:G44/J688] | 在馆 |